Bài giảng văn học phương Tây

Gespeichert in:
Bibliographische Detailangaben
1. Verfasser: Trương Thị Kim Phượng
Format: Buch
Sprache:Undetermined
Veröffentlicht: Cần Thơ Trường Đại học Cần Thơ - Khoa Sư Phạm 1999
Schlagworte:
Tags: Tag hinzufügen
Keine Tags, Fügen Sie den ersten Tag hinzu!
Thư viện lưu trữ: Trung tâm Học liệu Trường Đại học Cần Thơ
LEADER 00713nam a2200193Ia 4500
001 CTU_35685
008 210402s9999 xx 000 0 und d
020 |b đ 
082 |a 809.894 
082 |b Ph561 
100 |a Trương Thị Kim Phượng 
245 0 |a Bài giảng văn học phương Tây 
245 0 |c Trương Thị Kim Phượng 
260 |a Cần Thơ 
260 |b Trường Đại học Cần Thơ - Khoa Sư Phạm 
260 |c 1999 
650 |a european literature - history and criticism - outlines, syllabi, etc,european literature - history and criticism - study and teaching 
904 |i Minh, 000308 
980 |a Trung tâm Học liệu Trường Đại học Cần Thơ